Responses for show #6853 - Wednesday, June 4, 2014

Contestants

[<< previous game]

Guy Wilson, a football coach and tutor from Leesburg, Florida

Heather Powell, a director of compliance investigations from Schwenksville, Pennsylvania

Sarah Fremgen, a microbiologist from Carrollton, Texas (whose 1-day cash winnings total $21,000)

[next game >>]

Jeopardy! Round responses

WRAPPER'S DELIGHT
(Alex: Interesting spelling there.)
MICHIGAN ODDS & ENDS
WHAT KIND OF ANIMATED ANIMAL ARE YOU?
DIFFERS BY A LETTER
THAT'S ALL IN THE PAST
(Alex: Because...)
I'M A CHANGED MAN!
    $200 18
(Guy: What is tobacco?)
...
(Alex: [*]s, yes.)

cigar

HeatherGuy
    $200 1
(Heather: What is, um...oh, gosh.)
(Alex: Oh, gosh, indeed.)
(Heather: Sorry.)
(Guy: What is an airport?)

a planetarium

HeatherGuy
Triple Stumper
    $200 3
a squirrel

Sarah
    $200 8
an umpire & an empire

Sarah
    $200 13
Gaddafi

Sarah
    $200 26
The Odyssey

Sarah
    $400 19
tamales

Sarah
    $400 2
the Upper Peninsula

Sarah
    $400 4
the chipmunks

Sarah
    $400 9
brittle & bristle

Sarah
    $400 14
Brigham Young

Sarah
    $400 27
Beauty and the Beast

Heather
    $600 20
mummification

Sarah
    $600 23
Anthony Wayne

Heather
    $600 5
an elephant

Heather
    $600 10
divine & diving

Heather
    $2,000 15
the Boston Massacre

Sarah
    $600 28
Hyde

Guy
    $800 21
cocoons

Heather
    $800 24
Dearborn

Triple Stumper
    $800 6
a meerkat

Sarah
    $800 11
omit & emit

Heather
    $800 16
Sparta

Guy
    $800 29
Dorian Gray

Sarah
    $1000 22
a stole

Sarah
    $1000 25
(James) Vernor

Guy
    $1000 7
a saber-toothed tiger

Sarah
    $1000 12
filial & finial

Sarah
    $1000 17
the Hundred Years War

Sarah
    $1000 30
(Alex: [*] awoke.)

Gregor Samsa

Triple Stumper

Scores at the first commercial break (after clue 15):

Sarah Heather Guy
$7,000 $1,800 -$200

Scores at the end of the Jeopardy! Round:

Sarah Heather Guy
$11,000 $3,800 $2,000

Double Jeopardy! Round responses

INTERNATIONAL ROAD VEHICLE STICKERS
THE THEATRE
1940s NEWSMAKERS
"ISM" QUEST
FOOD IN THE BIBLE
BODY LATIN
    $400 4
Turkey

Guy
    $400 2
a Tony Award

Heather
    $400 9
Churchill

Heather
    $400 26
atheism

Heather
    $400 1
grapes

Heather
    $400 21
hand

Heather
    $800 16
Lesotho

Sarah
    $800 3
a guillotine

Sarah
    $800 12
(Mohandas) Gandhi

Guy
    $800 27
masochism

Heather
    $800 5
fish

Guy
    $800 22
(Heather: What is heart?)
(Sarah: What are [*]s?)
(Alex: [*], yes.)

lung

SarahHeather
    $1200 17
The Bahamas

Sarah
    $3,500 10
Playbill

Heather
    $1200 13
Cousteau

Guy
    $1200 28
creationism

Sarah
    $3,200 6
manna

Guy
    $1200 23
jaw

Guy
    $1600 18
(Guy: What is Ireland?)
(Alex: No.)
(Guy: Oh, my goodness, no.)

Iran

HeatherGuy
    $1600 11
Shakespeare in the Park

Guy
    $1600 14
(Vidkun) Quisling

Guy
    $1600 29
jingoism

Triple Stumper
    $1600 7
lentils

Triple Stumper
    $1600 24
(Alex: [*], yes--genuflect.)

the knee

Sarah
    $2000 20
Switzerland

Sarah
    $2000 19
(Heather: What is RKO?)

the Mercury Theatre

Heather
Triple Stumper
    $2000 15
Wendell Willkie

Triple Stumper
    $2000 30
conservatism

Guy
    $2000 8
the mustard seed

Guy
    $2000 25
the eyebrow

Triple Stumper

Scores at the end of the Double Jeopardy! Round:

Sarah Heather Guy
$19,400 $8,900 $15,200

[wagering suggestions for these scores]

Final Jeopardy! Round responses

THE BEATLES
(Alex: Very much in the news this year because of the anniversary.)
(Alex: I remember their first appearance on The Ed Sullivan Show, so I would've been happy to help you guys come up with a correct response here.)
...
(Alex: [To Heather] I don't think you needed any [*], because that's correct.)
HeatherWhat is Help?
$8,000
GuyWhat is Hey Jude?
$6,200
SarahWhat is Help?
$12,000
"Help!"

Final scores:

Sarah Heather Guy
$31,400 $16,900 $9,000
2-day champion: $52,400 2nd place: $2,000 3rd place: $1,000

Game dynamics:

Coryat scores:

Sarah Heather Guy
$18,000 $6,600 $13,200
24 R
(including 1 DD),
0 W
15 R
(including 1 DD),
3 W
13 R
(including 1 DD),
3 W

Combined Coryat: $37,800

The J! Archive is created by fans, for fans. The Jeopardy! game show and all elements thereof, including but not limited to copyright and trademark thereto, are the property of Jeopardy Productions, Inc. and are protected under law. This website is not affiliated with, sponsored by, or operated by Jeopardy Productions, Inc. Join the discussion at JBoard.tv.